「東大」 - Statistics

General Stats
  • This quiz has been taken 322 times
  • The average score is 17 of 72
Answer Stats
Answer % Correct
東京大学
98%
東京科学大学
73%
東洋大学
68%
東海大学
64%
東京農業大学
63%
東京医科大学
60%
東京理科大学
57%
東京芸術大学
56%
東京海洋大学
55%
東京都立大学
53%
東京学芸大学
49%
東京農工大学
49%
東北大学
47%
東京外国語大学
45%
東京経済大学
42%
東京歯科大学
42%
東京女子大学
42%
大東文化大学
40%
東京工科大学
39%
東京国際大学
38%
東京音楽大学
33%
東大阪大学
32%
東邦大学
31%
東京都市大学
27%
東北学院大学
27%
東京電機大学
26%
東北福祉大学
26%
東京女子医科大学
24%
関東学院大学
23%
東京薬科大学
22%
東京家政大学
21%
東京福祉大学
21%
東北工業大学
19%
東京工芸大学
17%
東京未来大学
17%
東海学園大学
16%
山陽小野田市立山口東京理科大学
15%
東亜大学
15%
東京情報大学
14%
東京女子体育大学
12%
東京富士大学
12%
関東学園大学
11%
公立諏訪東京理科大学
11%
東京慈恵会医科大学
11%
東北医科薬科大学
10%
東京医療保健大学
9%
東都大学
9%
東海学院大学
8%
東京基督教大学
7%
東京神学大学
7%
東京成徳大学
7%
東京通信大学
7%
東洋学園大学
7%
東京家政学院大学
6%
東洋英和女学院大学
6%
東日本国際大学
6%
東京医療学院大学
5%
東京造形大学
5%
東京有明医療大学
4%
東京純心大学
3%
東京聖栄大学
3%
東北芸術工科大学
3%
東北公益文科大学
3%
東北文化学園大学
3%
愛知東邦大学
2%
東邦音楽大学
2%
東北文教大学
2%
東北生活文化大学
1%
松山東雲女子大学
1%
東京都立産業技術大学院大学
0%
LEC東京リーガルマインド大学院大学
0%
SBC東京医療大学
0%
No matching quizzes found
Score Distribution
Percent of People with Each Score
Percentile by Number Answered
Your Score History
You have not taken this quiz